| 000 | 01715nam a2200289 a 4500 | ||
|---|---|---|---|
| 001 | 000043690 | ||
| 003 | DO-SdBNP | ||
| 005 | 20230308115615.0 | ||
| 007 | ta | ||
| 008 | 140403s2008 dr 000 0 spa d | ||
| 040 |
_aDO-SdBNP _bspa _cBNPHU |
||
| 082 | 4 |
_a346.015 _bS471i _222 |
|
| 111 | 2 |
_aSeminario Internacional "Por un Código de Familia Inclusivo" _d(2005 : _cSanto Domingo, República Dominicana). _971512 |
|
| 245 | 1 | 0 |
_aSeminarios internacionales : _bPor un código de familia inclusivo ; Hacia un sistema nacional de atención integral a familias / _ccoordinadores , Margarita Cedeño de Fernández ; Alejandro Moscoso Segarra ; compilación Rosa Fernández |
| 246 | _aPor un código de familia inclusivo | ||
| 246 | _a Hacia un sistema nacional de atención integral a familias | ||
| 260 |
_aSanto Domingo : _bDespacho de la Primera Dama de la República Dominicana ; Comisionado de Apoyo a la Reforma y Modernización de la Justicia, _c2008. |
||
| 300 |
_a126 p. ; _c23 cm. |
||
| 505 | 0 |
_aPresentación -- _tDiscursos actos inagurales -- _tLa aplicación del enfoque de género en las leyes -- _tExperiencias internacionales en legislaciones y políticas públicas inclusivas _tExperiencias en Latinoamérica de atención integral a familias -- _tConclusiones y recomendaciones. |
|
| 590 | _aInventariado, 2019/VM | ||
| 650 | 4 |
_aDerecho de familia _vCongresos, conferencias, etc. _981535 |
|
| 650 | 4 |
_aFamilia _xLegislación _vCongresos, conferencias, etc. _981536 |
|
| 700 | 1 |
_aCedeño de Fernández, Margarita _tcoord. _971513 |
|
| 700 | 1 |
_aFernández, Rosa _971514 |
|
| 710 | 1 |
_aRepública Dominicana. _bComisionado de Apoyo a la Reforma y Modernización de la Justicia _917179 |
|
| 942 |
_2ddc _cLBS1 |
||
| 999 |
_c43179 _d43179 |
||